[Event "GER Cup Net Final-C U1600"]
[Site "Playchess.com INT"]
[Date "2020.06.06"]
[Round "12"]
[White "Maly, Wolfgang"]
[Black "Hellmich, Michael"]
[Result "1-0"]
[WhiteElo "1372"]
[BlackElo "1443"]
[PlyCount "123"]
[EventDate "2020.06.06"]
[EventType "swiss (blitz)"]
[EventRounds "13"]
[EventCountry "GER"]
[SourceTitle "CBM 197 Extra"]
[Source "ChessBase"]
[SourceDate "2020.09.30"]
[SourceVersion "1"]
[SourceVersionDate "2020.09.30"]
[SourceQuality "1"]

1. b3 d5 2. Bb2 Nc6 3. Nf3 e6 4. e3 Nf6 5. Bb5 Bd7 6. 0-0 Be7 7. d3 0-0 8. Nbd2 e5 9. Bxc6 bxc6 10. Nxe5 Be8 11. Nef3 Bd6 12. h3 c5 13. e4 dxe4 14. dxe4 Nd7 15. c4 Ne5 16. Nxe5 Bxe5 17. Bxe5 Qd3 18. Nf3 Qxe4 19. Re1 Qf5 20. Nh4 Qd7 21. Qxd7 Bxd7 22. Bxc7 Rac8 23. Be5 f6 24. Bb2 Rfe8 25. Rad1 Bc6 26. Re7 Rxe7 27. Nf5 Rd7 28. Re1 Rcc7 29. Re8+ Kf7 30. Re1 Rd2 31. Ba3 Rcd7 32. Bxc5 Rd1 33. Rxd1 Rxd1+ 34. Kh2 Be4 35. Nd6+ Ke6 36. Nxe4 Ke5 37. Ng3 Rd2 38. Bf8 g6 39. a3 a6 40. c5 Rd3 41. c6 Rc3 42. Ne2 Rxc6 43. b4 f5 44. Bc5 Kd5 45. f3 Kc4 46. g3 Kb3 47. Nd4+ Kxa3 48. Nxc6 Ka4 49. Ne7 Kb5 50. Bd6 Kb6 51. Ng8 Kc6 52. Bf8 a5 53. bxa5 Kb5 54. Nf6 h5 55. Ng8 Kxa5 56. Ne7 Kb5 57. Nxg6 Kc6 58. Nf4 Kd7 59. Nxh5 Ke8 60. Ba3 Kf7 61. f4 Kg6 62. g4 1-0

[Event "GER Cup Net V4 U1600"]
[Site "Playchess.com INT"]
[Date "2020.05.31"]
[Round "7"]
[White "Hellmich, Michael"]
[Black "Meier, Franz1111"]
[Result "0-1"]
[WhiteElo "1415"]
[BlackElo "1423"]
[PlyCount "64"]
[EventDate "2020.05.31"]
[EventType "swiss (blitz)"]
[EventRounds "9"]
[EventCountry "GER"]
[SourceTitle "EXT 2021"]
[Source "ChessBase"]
[SourceDate "2020.10.23"]
[SourceVersion "1"]
[SourceVersionDate "2020.10.23"]
[SourceQuality "1"]

1. e4 e6 2. d4 d5 3. e5 c5 4. Nf3 Nc6 5. c3 Qb6 6. Be2 cxd4 7. cxd4 Bb4+ 8. Nc3 Nge7 9. 0-0 Nf5 10. Na4 Qa5 11. Bd2 Bxd2 12. Nxd2 Nfxd4 13. Nf3 Nxe2+ 14. Kh1 Nf4 15. Nc3 0-0 16. g3 Ng6 17. Re1 Bd7 18. Qd2 Qb6 19. a3 Rad8 20. b4 Ncxe5 21. Nxe5 Nxe5 22. Rxe5 Bc6 23. Kg1 Qc7 24. Re2 d4 25. Ne4 d3 26. Re3 Rd4 27. Nc5 b6 28. Nxd3 Rfd8 29. Rd1 Bb7 30. Rc1 Qd7 31. Qc3 Qd5 32. Re5 Qg2# 0-1

[Event "GER Cup Net V4 U1600"]
[Site "Playchess.com INT"]
[Date "2020.05.31"]
[Round "9"]
[White "Hellmich, Michael"]
[Black "Winkler, Andreas1111"]
[Result "1-0"]
[WhiteElo "1423"]
[BlackElo "1502"]
[PlyCount "79"]
[EventDate "2020.05.31"]
[EventType "swiss (blitz)"]
[EventRounds "9"]
[EventCountry "GER"]
[SourceTitle "EXT 2021"]
[Source "ChessBase"]
[SourceDate "2020.10.23"]
[SourceVersion "1"]
[SourceVersionDate "2020.10.23"]
[SourceQuality "1"]

1. e4 e5 2. Nf3 Nc6 3. d4 exd4 4. Bc4 Nf6 5. e5 Qe7 6. 0-0 d5 7. Bb5 Bd7 8. exf6 Qxf6 9. Bg5 Qd6 10. Re1+ Be7 11. Bxe7 Nxe7 12. Bxd7+ Qxd7 13. Nxd4 0-0-0 14. Nc3 Kb8 15. Ndb5 a6 16. Nd4 g6 17. Qf3 Nf5 18. Nxf5 gxf5 19. Ne2 Rhe8 20. Rad1 Qe6 21. Ng3 Qxe1+ 22. Rxe1 Rxe1+ 23. Nf1 d4 24. Qxf5 d3 25. cxd3 Rd1 26. g3 R8xd3 27. Kg2 Rd7 28. Ne3 R1d2 29. Nc4 R2d5 30. Qf6 Rd4 31. Ne5 R7d6 32. Qh8+ Ka7 33. Nxf7 Rd7 34. Ne5 R7d5 35. Nf3 Rd1 36. Qxh7 Rd7 37. Qe4 b6 38. Ne5 R7d4 39. Nc6+ Kb7 40. Nxd4+ 1-0

[Event "GER Cup Net V3 U1600"]
[Site "Playchess.com INT"]
[Date "2020.05.27"]
[Round "4"]
[White "Hellmich, Michael"]
[Black "Hausmann, Heiko"]
[Result "0-1"]
[WhiteElo "1384"]
[BlackElo "1490"]
[PlyCount "64"]
[EventDate "2020.05.27"]
[EventType "swiss (blitz)"]
[EventRounds "9"]
[EventCountry "GER"]
[SourceTitle "EXT 2021"]
[Source "ChessBase"]
[SourceDate "2020.10.23"]
[SourceVersion "1"]
[SourceVersionDate "2020.10.23"]
[SourceQuality "1"]

1. e4 d5 2. exd5 Qxd5 3. Nc3 Qa5 4. Nf3 c6 5. d4 Nf6 6. Be2 Bf5 7. 0-0 e6 8. Bd2 Qc7 9. Re1 Bd6 10. Bd3 Bg6 11. Ne4 Nxe4 12. Bxe4 Nd7 13. c4 Nf6 14. Qc2 Nxe4 15. Rxe4 Bxe4 16. Qxe4 0-0-0 17. c5 Be7 18. Bf4 Qd7 19. Rd1 Qd5 20. Qe3 Bf6 21. Ne5 Bxe5 22. Bxe5 f6 23. Bg3 e5 24. f4 exd4 25. Qe7 d3 26. Qxg7 Qd4+ 27. Bf2 Qxb2 28. Qg4+ Kb8 29. Bg3 Ka8 30. f5 Rhg8 31. Qf4 Qd4+ 32. Bf2 Qxf4 0-1